KOHA-Header-6

Yehi kuch Main Nay Socha Tha (Record no. 9939)

000 -LEADER
fixed length control field 00272nam a2200109Ia 4500
100 ## - MAIN ENTRY--AUTHOR NAME
Personal name Sarwat Sultana Sarwat
245 #0 - TITLE STATEMENT
Title Yehi kuch Main Nay Socha Tha
260 ## - PUBLICATION, DISTRIBUTION, ETC. (IMPRINT)
Place of publication Karachi
Name of publisher Dunyae Adab
Year of publication 2006
300 ## - PHYSICAL DESCRIPTION
Number of Pages 895
942 ## - ADDED ENTRY ELEMENTS (KOHA)
Koha item type Books
Holdings
Withdrawn status Lost status Collection code Permanent Location Current Location Shelving location Date acquired Full call number Accession Number Koha item type
    Urdu Literature MAJU MAJU   2019-09-14 621.395 5985 Urdu Literature

Powered by Koha